| 000 | 00562nam a2200193Ia 4500 | ||
|---|---|---|---|
| 008 | 150610s9999 xx 000 0 und d | ||
| 020 | _a9780142410752 | ||
| 050 |
_aPZ7 _b.F598284Ice 2007 |
||
| 100 | _aFlanagan, John | ||
| 245 | 4 |
_aThe icebound land / _cJohn Flanagan. |
|
| 250 | _a1st American ed. | ||
| 260 |
_aNew York : _bPuffin Books, _c2007. |
||
| 300 |
_a266pages ; _c20 cm. |
||
| 440 |
_aRanger's Apprentice; bk. 3 _vv.3 |
||
| 520 | _aFiction. | ||
| 650 |
_aKidnapping _xFiction. |
||
| 650 |
_aKnights and knighthood _xFiction. |
||
| 650 | _bFantasy | ||
| 999 |
_c287893 _d287893 |
||